Govt. of
Madhya Pradesh

Not a niceman to Know (Record no. 31992)

MARC details
000 -LEADER
fixed length control field 003280000a22001450004500
003 - CONTROL NUMBER IDENTIFIER
control field MACL
040 ## - CATALOGING SOURCE
Original cataloging agency MACL
090 ## - LOCALLY ASSIGNED LC-TYPE CALL NUMBER (OCLC); LOCAL CALL NUMBER (RLIN)
-- 32321
-- 32319
100 ## - MAIN ENTRY--PERSONAL NAME
Personal name Seth, Vikram
245 ## - TITLE STATEMENT
Title Not a niceman to Know
Remainder of title The best of Khushwant Singh
260 ## - PUBLICATION, DISTRIBUTION, ETC. (IMPRINT)
Name of publisher, distributor, etc. Penguin Books
Date of publication, distribution, etc. 1993
350 ## - PRICE (NR) (BK AM CF MU VM SE) [OBSOLETE]
Form of issue 295
650 ## - SUBJECT ADDED ENTRY--TOPICAL TERM
Topical term or geographic name as entry element Fiction
942 ## - ADDED ENTRY ELEMENTS (KOHA)
Koha item type Library Membar
Call number prefix 823/SET
Holdings
Withdrawn status Lost status Source of classification or shelving scheme Damaged status Not for loan Home library Current library Date acquired Cost, normal purchase price Full call number Barcode Date last seen Price effective from Koha item type
          MACL MACL 16/09/2015 125.00 823/SET CRE008559 02/05/2024 16/09/2015 Books